Tax laws of Texas, annotated /

Bibliographic Details
Corporate Author: Texas
Format: Book
Language:English
Published: Austin : Numbers Printing, 1927.
Subjects:

MARC

Tag First Indicator Second Indicator Subfields
LEADER 00000cam a2200000 i 4500
001 in00000065902
005 20190207093438.0
008 800324s1927 txu 00000 eng d
035 |a (OCoLC)06118638 
035 |9 AAG3157AM 
040 |a TXQ  |c TXQ  |d TXA  |d UtOrBLW 
049 |a TXAS  |c [70227] 
090 |a KFT1670  |b .A3 1927 
092 |a 336.209764  |b T355t 
110 1 |a Texas. 
240 1 0 |a Laws, statutes, etc. 
245 1 0 |a Tax laws of Texas, annotated /  |c by Jno. T. Smith. 
264 1 |a Austin :  |b Numbers Printing,  |c 1927. 
300 |a 407 pages ;  |c 24 cm. 
336 |a text  |b txt  |2 rdacontent 
337 |a unmediated  |b n  |2 rdamedia 
338 |a volume  |b nc  |2 rdacarrier 
500 |a The Cushing Library/Chapman Texas Collection copy is part of the Floyd & Louise Chapman Texas & Borderlands Collection.  |5 TXA 
650 0 |a Taxation  |z Texas. 
999 |a MARS 
999 f f |s a5097b2c-8876-335a-a251-5f9063e0e13b  |i 6518c52b-4a31-38c6-81e5-49927b7a9d3d  |t 0 
952 f f |p noncirc  |a Texas A&M University  |b College Station  |c Cushing Memorial Library & Archives  |d Cushing: Chapman Texas Collection (Does not check out)  |t 0  |e KFT1670 .A3 1927  |h Library of Congress classification  |i unmediated -- volume 
998 f f |a KFT1670 .A3 1927  |t 0  |l Cushing: Chapman Texas Collection (Does not check out)